Barbatanar nas cores do arco-íris (Registo nº 28500)

Detalhes MARC
000 -Etiqueta do registo
Valores 00602cam a2200241 4500
010 ## - Número ISBN
ISBN 989614057X
090 ## -
-- 28500
095 ## -
-- PTBN00017258
100 ## - Dados gerais de processamento
Dados gerais 20071009d2006 c y0pory5003 ba
101 0# - Língua de publicação
-- por
102 ## - País de publicação
-- PT
200 1# - Titulo e menção de responsabilidade
Título próprio Barbatanar nas cores do arco-íris
Primeira menção de responsabilidade Carlos Canhoto
Outras menções de responsabilidade il. Marc
205 ## - Menção da edição
Edição 2º ed.
210 ## - Publicação
Local de publicação Coimbra
Nome do editor Pé de Página Editores
Data de publicação 2007
215 ## - Descrição física 
Paginação / Volumes 47, [1] p.
Outras indicações físicas il.
Dimensões 22 cm
675 ## - CDU
Notação 087.5
Edição BNL
Língua por
700 #1 - Autor principal (pessoa individual)
Apelido Canhoto
Nome Carlos
801 #0 - Fonte de origem
País PT
930 ## -
-- BECRE
998 ## -
-- FSE34 - 00107
990 ## - Elementos KOHA
Tipo de documento Livro
995 ## - Localização e informação dos exemplares
-- 18
995 ## - Localização e informação dos exemplares
-- 18
995 ## - Localização e informação dos exemplares
-- 18
995 ## - Localização e informação dos exemplares
-- 18
Exemplares
Situação do levantamento Estado Biblioteca de origem Biblioteca de empréstimo Código de barras Cota Permissão de empréstimo Tipo de documento Forma de aquisição
  Completo Biblioteca da Escola Básica de Aguiar Biblioteca da Escola Básica de Aguiar 75BA 087.5 CAN Disponível Livro  
  Completo Biblioteca da Escola Básica e Secundária Dr Isidoro de Sousa Biblioteca da Escola Básica e Secundária Dr Isidoro de Sousa 4535EV 087.5 CAN Disponível Livro  
  Completo Biblioteca da Escola Básica e Secundária Dr Isidoro de Sousa Biblioteca da Escola Básica e Secundária Dr Isidoro de Sousa 7342 087.5 CAN Disponível Livro  
  Completo Biblioteca da Escola Básica e Secundária Dr Isidoro de Sousa Biblioteca da Escola Básica e Secundária Dr Isidoro de Sousa 7344 087.5 CAN Disponível Livro  
  Completo Biblioteca da Escola Básica e Secundária Dr Isidoro de Sousa Biblioteca da Escola Básica e Secundária Dr Isidoro de Sousa 7343 087.5 CAN Disponível Livro  
  Completo Biblioteca do Centro Escolar de Viana do Alentejo Biblioteca do Centro Escolar de Viana do Alentejo 466BV 087.5 CAN Disponível Livro  
  Completo Biblioteca do Centro Escolar de Viana do Alentejo Biblioteca do Centro Escolar de Viana do Alentejo 465BV 087.5 CAN Disponível Livro  




Powered by Koha